000 00605nam a2200205Ia 4500
003 OSt
005 20240821112640.0
008 210210b1989 xxu||||| |||| 00| 0 eng d
040 _cAL
041 _aKannada
082 _aK494.802 PRAB
100 _aPRADHAN GURUDATTA.
_dಪ್ರಧಾನ್ ಗುರುದತ್ತ
_9177630
245 _aBhashantara kale.
_bಭಾಷಾಂತರ ಕಲೆ
260 _aBengaluru
_bBi Em Shri Smaraka Pratishtana
_c1989
300 _axii,213
650 _aKannada Translation
_9177631
690 _aKannada Language
_9177632
906 _a048215
942 _2ddc
_cBK
999 _c97127
_d97127